The writing system for engineers and scientists /

Bibliographic Details
Main Author: Weiss, Edmond H.
Format: Book
Language:English
Published: Englewood Cliffs, N.J. : Prentice-Hall, [1982]
Subjects:

MARC

Tag First Indicator Second Indicator Subfields
LEADER 00000pam a2200000 a 4500
001 in00000086240
005 20151008062620.0
008 810128s1982 njua b 00110 eng
010 |a  81000775  
020 |a 0139716068 :  |c $16.95 (est.) 
035 |a (OCoLC)07249981 
035 |9 AAK0596AM 
039 0 |a 2  |b 3  |c 3  |d 3  |e 3 
040 |a DLC  |c DLC  |d TXA  |d UtOrBLW 
049 |a TXAM  |c [802368] 
050 0 0 |a T11  |b  W44 
082 0 |a 808/.06662021  |2 19 
100 1 |a Weiss, Edmond H. 
245 1 4 |a The writing system for engineers and scientists /  |c Edmond H. Weiss. 
264 1 |a Englewood Cliffs, N.J. :  |b Prentice-Hall,  |c [1982] 
264 4 |c ©1982 
300 |a xiv, 274 pages :  |b illustrations ;  |c 24 cm. 
336 |a text  |b txt  |2 rdacontent 
337 |a unmediated  |b n  |2 rdamedia 
338 |a volume  |b nc  |2 rdacarrier 
500 |a Includes index. 
504 |a Bibliography: pages 261-267. 
650 0 |a Technical writing. 
999 |a MARS 
999 f f |s 1cc34801-bdc5-3530-9f21-10086ae83cf3  |i ad35ec51-4dc4-3dd8-a9a4-3c549c6a0cad  |t 0 
952 f f |p ric  |a Texas A&M University  |b Rellis Campus  |c Joint Library Facility  |d Remote Storage  |t 0  |e T11 W44  |h Library of Congress classification  |i unmediated -- volume  |m A14805957607 
998 f f |a T11 W44  |t 0  |l Remote Storage